| 000 | 00668nam a22002297a 4500 | ||
|---|---|---|---|
| 005 | 20170124110037.0 | ||
| 010 | _a472567 | ||
| 020 | _c00.00 | ||
| 035 | _a472567 | ||
| 037 | _bCen Lib/Ret | ||
| 040 |
_aDPL _bEN |
||
| 082 |
_a401 _bKAT |
||
| 100 |
_aKatz, Jerrold J. _922865 |
||
| 245 |
_aThe philosophy of language / _cby Jerrold J. Katz |
||
| 260 |
_aNew York _bHarper and Row _c1966 |
||
| 270 |
_bNew York _a49 East 33rd Street |
||
| 300 |
_axiii,326p. _c21cm(Hb) |
||
| 500 | _aIncludes bibliographical references | ||
| 650 |
_aLanguage and languages -- Philosophy _922866 |
||
| 650 |
_aPhilosophy _922867 |
||
| 942 |
_2ddc _cEN _h401 _mKAT |
||
| 999 |
_c128263 _d128263 |
||